00613nam a2200193Ia 4500008004100000020001800041082001400059100002800073245002000101250000800121260004000129300002400169500000700193600003300200650001500233942000700248952014700255999001700402240925s9999 xx 000 0 und d a9780007351015 a823.8 STE aStevenson ,Louis Robrat 0aTreasure Island a1st alondon:bHarper Collins pubc,2010. a204p.bNAfOriginal aNA aHumanities & Natural Science aLiterature cBK 001040708HUMaUITUbUITUd2018-05-28eParamount Book Pvt Ltdg295.00l1o823.8 STEpQ11719r2026-06-16 13:04:06s2026-06-02w2024-09-25yBK c14218d14218